[Event "UZB-ch (Women) final"]
[Site "Tashkent"]
[Date "2021.04.27"]
[Round "11.2"]
[White "Shokirjonova, Barchinoy"]
[Black "Saparova, Sitora"]
[Result "1/2-1/2"]
[WhiteElo "1594"]
[BlackElo "2017"]
[PlyCount "80"]
[EventDate "2021.04.17"]
[EventType "tourn"]
[EventRounds "11"]
[EventCountry "UZB"]
[SourceTitle "CBM 202 Extra"]
[Source "ChessBase"]
[SourceDate "2021.07.31"]
[SourceVersion "1"]
[SourceVersionDate "2021.07.31"]
[SourceQuality "1"]

1. d4 Nf6 2. c4 e6 3. Nc3 Bb4 4. Qc2 c5 5. Nf3 d5 6. cxd5 exd5 7. e3 0-0 8. dxc5 Nc6 9. Be2 Bxc5 10. a3 Bg4 11. 0-0 Rc8 12. Rd1 Bd6 13. Qd2 Na5 14. Nd4 Bb8 15. g3 Nc4 16. Qe1 Qd7 17. b3 Ne5 18. Bb2 Ne4 19. Bxg4 Qxg4 20. f4 Nf3+ 21. Nxf3 Qxf3 22. Nxe4 Qxe4 23. Rac1 Rc2 24. Rxc2 Qxc2 25. Qd2 Qxb3 26. Qd4 f6 27. Qxd5+ Qxd5 28. Rxd5 Bc7 29. Bd4 a6 30. Rd7 Rf7 31. Rd5 Kf8 32. e4 Ke8 33. Kf2 Rd7 34. Rxd7 Kxd7 35. a4 b5 36. axb5 axb5 37. Ke3 Bd6 38. Kd3 Ba3 39. g4 Bc1 40. f5 Bf4 1/2-1/2

[Event "UZB-ch (Women)"]
[Site "Tashkent"]
[Date "2020.03.14"]
[Round "4"]
[White "Saparova, Sitora"]
[Black "Baymuratova, Sevara"]
[Result "1/2-1/2"]
[WhiteElo "1972"]
[BlackElo "2153"]
[PlyCount "68"]
[EventDate "2020.03.11"]
[EventType "tourn"]
[EventRounds "9"]
[EventCountry "UZB"]
[SourceTitle "CBM 195 Extra"]
[Source "ChessBase"]
[SourceDate "2020.05.31"]
[SourceVersion "1"]
[SourceVersionDate "2020.05.31"]
[SourceQuality "1"]

1. Nf3 d5 2. g3 Nf6 3. Bg2 Bg4 4. d4 c6 5. 0-0 Nbd7 6. Nbd2 e6 7. Re1 Be7 8. e4 0-0 9. c3 dxe4 10. Nxe4 Nxe4 11. Rxe4 Bf5 12. Re1 Qb6 13. Qe2 Nf6 14. Ne5 Rad8 15. h4 h5 16. Bg5 c5 17. Be3 Qc7 18. Rad1 a6 19. Bf4 Qb6 20. dxc5 Bxc5 21. Bg5 Rxd1 22. Rxd1 Bg4 23. Bf3 Bxf3 24. Qxf3 Ng4 25. Nd7 Bxf2+ 26. Kg2 Qxb2 27. Rd2 Qb1 28. Rd1 Qxa2 29. Rd2 Qb1 30. Rd1 Qb2 31. Rd2 Qb1 32. Rd1 Qb2 33. Rd2 Qb1 34. Rd1 Qb2 1/2-1/2

[Event "Central Asia-ch U20 Girls"]
[Site "Tashkent"]
[Date "2019.09.23"]
[Round "3"]
[White "Balabayeva, Kseniya"]
[Black "Saparova, Sitora"]
[Result "1-0"]
[WhiteElo "1974"]
[BlackElo "1952"]
[PlyCount "51"]
[EventDate "2019.09.21"]
[EventType "swiss"]
[EventRounds "9"]
[EventCountry "UZB"]
[SourceTitle "EXT 2020"]
[Source "ChessBase"]
[SourceDate "2019.10.17"]
[SourceVersion "1"]
[SourceVersionDate "2019.10.17"]
[SourceQuality "1"]

1. e4 e5 2. Nf3 Nc6 3. d4 exd4 4. Bc4 d6 5. Nxd4 Nxd4 6. Qxd4 Qf6 7. Qd3 Ne7 8. 0-0 Nc6 9. Bb5 Qd8 10. f4 a6 11. Bc4 Be7 12. a4 0-0 13. c3 Be6 14. Be3 Qd7 15. Nd2 Rad8 16. Bd5 Bf6 17. Rae1 Rb8 18. Bxc6 bxc6 19. f5 Ba2 20. Qc2 c5 21. Ra1 d5 22. Rxa2 d4 23. Bf4 Rfe8 24. Qd3 Qc6 25. c4 Rb4 26. b3 1-0

[Event "Central Asia-ch U20 Girls"]
[Site "Tashkent"]
[Date "2019.09.22"]
[Round "2"]
[White "Saparova, Sitora"]
[Black "Yakubbaeva, Nilufar"]
[Result "1-0"]
[WhiteElo "1952"]
[BlackElo "2281"]
[PlyCount "70"]
[EventDate "2019.09.21"]
[EventType "swiss"]
[EventRounds "9"]
[EventCountry "UZB"]
[SourceTitle "EXT 2020"]
[Source "ChessBase"]
[SourceDate "2019.10.17"]
[SourceVersion "1"]
[SourceVersionDate "2019.10.17"]
[SourceQuality "1"]

1. e4 c6 2. d4 d5 3. Nd2 dxe4 4. Nxe4 Bf5 5. Ng3 Bg6 6. Nf3 Nd7 7. Bd3 e6 8. 0-0 Ngf6 9. Re1 Be7 10. c4 Qc7 11. a3 0-0-0 12. b4 Kb8 13. Ng5 Rhf8 14. Rb1 Bxd3 15. Qxd3 h6 16. Nf3 g5 17. Qc2 Bd6 18. c5 Bf4 19. b5 Bxg3 20. hxg3 Nd5 21. a4 Ka8 22. Bd2 g4 23. Ne5 h5 24. b6 axb6 25. cxb6 Qd6 26. Nc4 Qe7 27. Bh6 Rg8 28. a5 Nb8 29. a6 Nxa6 30. Ra1 Ndb4 31. Qc3 Kb8 32. Bf4+ Kc8 33. Na5 Qd7 34. Nb3 Qe7 35. Nc5 Qxc5 1-0

[Event "Issyk Kul op"]
[Site "Cholpon Ata"]
[Date "2019.08.22"]
[Round "7"]
[White "Saparova, Sitora"]
[Black "Seitaliev, Erlan"]
[Result "1-0"]
[WhiteElo "2119"]
[BlackElo "1957"]
[PlyCount "139"]
[EventDate "2019.08.19"]
[EventType "swiss"]
[EventRounds "9"]
[EventCountry "KGZ"]
[SourceTitle "EXT 2020"]
[Source "ChessBase"]
[SourceDate "2019.10.17"]
[SourceVersion "1"]
[SourceVersionDate "2019.10.17"]
[SourceQuality "1"]

1. Nf3 d5 2. g3 c5 3. Bg2 Nf6 4. 0-0 Nc6 5. d4 e6 6. c3 Bd6 7. Nbd2 0-0 8. Re1 cxd4 9. cxd4 Bb4 10. a3 Bxd2 11. Bxd2 Ne4 12. Bf4 Qb6 13. Rb1 f6 14. Qd3 a5 15. b3 Bd7 16. Red1 Be8 17. Nd2 Nxd2 18. Qxd2 Bg6 19. Rb2 Rfd8 20. h4 Rac8 21. g4 Be4 22. Qe3 e5 23. Bxe4 dxe4 24. d5 Qb5 25. a4 Qb4 26. Bg3 Ne7 27. d6 Rc6 28. d7 Rc3 29. Qd2 Rxb3 30. Rxb3 Qxb3 31. Qd6 Kf7 32. h5 Qxa4 33. g5 Qb4 34. Qc7 Nc6 35. h6 Qb3 36. Rd6 Ke7 37. Bh4 Kf7 38. Rxc6 Qd1+ 39. Kh2 Rxd7 40. Rc1 Rxc7 41. Rxd1 fxg5 42. Bxg5 gxh6 43. Bxh6 a4 44. Rb1 a3 45. Ra1 Rc3 46. Rb1 a2 47. Rxb7+ Kg6 48. Ra7 Kxh6 49. Rxa2 e3 50. f3 Kg5 51. Kg3 h5 52. Rb2 Kf5 53. Ra2 Rb3 54. Rc2 Ra3 55. Rb2 Rc3 56. Ra2 Ke6 57. Kh4 Kd5 58. Kxh5 Rc1 59. Ra3 e4 60. Rxe3 exf3 61. exf3 Rg1 62. f4 Kd4 63. Re8 Kd5 64. f5 Rh1+ 65. Kg6 Rg1+ 66. Kf7 Kd6 67. Re2 Ra1 68. f6 Rf1 69. Rd2+ Kc5 70. Ke7 1-0

[Event "Issyk Kul op"]
[Site "Cholpon Ata"]
[Date "2019.08.19"]
[Round "1"]
[White "Sovetbekova, Nurai"]
[Black "Saparova, Sitora"]
[Result "0-1"]
[WhiteElo "1482"]
[BlackElo "2119"]
[PlyCount "46"]
[EventDate "2019.08.19"]
[EventType "swiss"]
[EventRounds "9"]
[EventCountry "KGZ"]
[SourceTitle "EXT 2020"]
[Source "ChessBase"]
[SourceDate "2019.10.17"]
[SourceVersion "1"]
[SourceVersionDate "2019.10.17"]
[SourceQuality "1"]

1. d4 d5 2. c4 c6 3. Nf3 Nf6 4. Nc3 g6 5. e3 Bg7 6. cxd5 cxd5 7. Bd3 Nc6 8. a3 a6 9. Bd2 0-0 10. 0-0 b5 11. b4 Bg4 12. h3 Bxf3 13. Qxf3 e5 14. dxe5 Nxe5 15. Qe2 d4 16. exd4 Qxd4 17. Be4 Rae8 18. Rfe1 Nc4 19. Rad1 Nxd2 20. Qxd2 Qxd2 21. Rxd2 Nxe4 22. Nxe4 f5 23. Rd6 Rxe4 0-1

[Event "Asian Schools-ch 14th U17 Girls"]
[Site "Waskaduwa"]
[Date "2018.07.09"]
[Round "1.2"]
[White "Herath, Uthpala Shanika"]
[Black "Saparova, Sitora"]
[Result "0-1"]
[WhiteElo "1419"]
[BlackElo "1816"]
[PlyCount "41"]
[EventDate "2018.07.09"]
[EventType "swiss"]
[EventRounds "9"]
[EventCountry "SRI"]
[SourceTitle "EXT 2024"]
[Source "ChessBase"]
[SourceDate "2023.10.10"]
[SourceVersion "1"]
[SourceVersionDate "2023.10.10"]
[SourceQuality "1"]

1. c4 Nf6 2. e3 g6 3. Nc3 Bg7 4. Nf3 c6 5. Be2 d5 6. cxd5 cxd5 7. Bb5+ Bd7 8. Qb3 Bxb5 9. Qxb5+ Qd7 10. Ne5 Qxb5 11. Nxb5 Na6 12. d4 0-0 13. a3 Rfc8 14. Nc3 Nb8 15. 0-0 Nc6 16. Nxc6 bxc6 17. b4 Nd7 18. Na4 Nb6 19. Nxb6 axb6 20. Bd2 c5 21. Bc3 0-1

[Event "World ol U16"]
[Site "Ahmedabad"]
[Date "2017.12.16"]
[Round "7.4"]
[White "Saparova, Sitora"]
[Black "Ng, Jen Sheng"]
[Result "1-0"]
[WhiteElo "1807"]
[BlackElo "2075"]
[PlyCount "65"]
[EventDate "2017.12.11"]
[EventType "team-swiss"]
[EventRounds "9"]
[EventCountry "IND"]
[SourceTitle "CBM 182 Extra"]
[Source "ChessBase"]
[SourceDate "2018.02.23"]
[SourceVersion "1"]
[SourceVersionDate "2018.02.23"]
[SourceQuality "1"]
[WhiteTeam "Uzbekistan"]
[BlackTeam "Malaysia"]
[WhiteTeamCountry "UZB"]
[BlackTeamCountry "MAS"]

1. e4 e6 2. d4 d5 3. Nc3 Nf6 4. exd5 exd5 5. Bd3 c6 6. Nge2 Bd6 7. 0-0 0-0 8. Ng3 Re8 9. Nf5 Bf8 10. Qf3 Be6 11. Bg5 Nbd7 12. Rae1 Qb6 13. Ne2 g6 14. Nh6+ Bxh6 15. Bxh6 Bg4 16. Qf4 Bxe2 17. Bxe2 Qxb2 18. Bg4 Rxe1 19. Rxe1 Qc3 20. Kf1 Qc4+ 21. Kg1 Qb4 22. Kf1 Qb5+ 23. Kg1 Qa5 24. Re7 Re8 25. Qe3 Qd8 26. Rxe8+ Nxe8 27. Bg5 Ndf6 28. Bh3 Qb6 29. g4 Qb1+ 30. Bf1 Qb4 31. Qe5 Nxg4 32. Qxe8+ Kg7 33. Be7 1-0

[Event "Asia-ch U14 Girls"]
[Site "Ulaanbaatar"]
[Date "2016.04.14"]
[Round "9"]
[White "Saparova, Sitora"]
[Black "Priyanka, Nutakki"]
[Result "1/2-1/2"]
[WhiteElo "1741"]
[BlackElo "2009"]
[PlyCount "47"]
[EventDate "2016.04.06"]
[EventType "swiss"]
[EventRounds "9"]
[EventCountry "MGL"]
[SourceTitle "EXT 2017"]
[Source "ChessBase"]
[SourceDate "2016.10.25"]
[SourceVersion "1"]
[SourceVersionDate "2016.10.25"]
[SourceQuality "1"]

1. e4 e6 2. d4 d5 3. Nc3 Bb4 4. e5 c5 5. a3 Bxc3+ 6. bxc3 Ne7 7. f4 Nbc6 8. Nf3 Qa5 9. Qd2 cxd4 10. cxd4 Qxd2+ 11. Bxd2 Bd7 12. Rb1 b6 13. Bd3 0-0 14. 0-0 Nf5 15. Bxf5 exf5 16. Rfc1 Be6 17. Rb5 Rab8 18. c4 dxc4 19. d5 a6 20. dxc6 axb5 21. Bb4 Rfc8 22. Bd6 Ra8 23. Nd4 g6 24. Rb1 1/2-1/2

[Event "Asia-ch U14 Girls"]
[Site "Ulaanbaatar"]
[Date "2016.04.08"]
[Round "3"]
[White "Saparova, Sitora"]
[Black "Nomindalai, Tumurbaatar"]
[Result "0-1"]
[WhiteElo "1741"]
[BlackElo "1800"]
[PlyCount "100"]
[EventDate "2016.04.06"]
[EventType "swiss"]
[EventRounds "9"]
[EventCountry "MGL"]
[SourceTitle "EXT 2017"]
[Source "ChessBase"]
[SourceDate "2016.10.25"]
[SourceVersion "1"]
[SourceVersionDate "2016.10.25"]
[SourceQuality "1"]

1. e4 d5 2. exd5 Nf6 3. d4 Bg4 4. Be2 Bxe2 5. Nxe2 Qxd5 6. 0-0 Nc6 7. Nbc3 Qh5 8. Bf4 0-0-0 9. Qe1 Nxd4 10. Nxd4 Rxd4 11. Qe3 Qc5 12. Rad1 e5 13. Bxe5 Rxd1 14. Rxd1 Qxe3 15. fxe3 Ng4 16. Bf4 Bc5 17. Rd3 Re8 18. Nd1 h6 19. Rc3 Bb6 20. h3 Nf6 21. Rd3 g5 22. Bg3 Ne4 23. Be1 f5 24. Kf1 c6 25. Ke2 f4 26. Kf3 fxe3 27. Nxe3 Nc5 28. Rd1 h5 29. Nf5 Rf8 30. g4 Ne6 31. Ke4 h4 32. Bd2 Bc7 33. Rf1 Re8 34. Kd3 Kd7 35. Rf3 Nc5+ 36. Kc4 Re4+ 37. Nd4 b5+ 38. Kc3 Ba5+ 39. b4 Bxb4+ 40. Kxb4 Rxd4+ 41. Kc3 Rd5 42. Be3 a5 43. Rf7+ Ke6 44. Rc7 Kd6 45. Ra7 Re5 46. Bg1 Re1 47. Bh2+ Kd5 48. Rg7 Re3+ 49. Kd2 Rxh3 50. Rxg5+ Kc4 0-1

[Event "Asia-ch U14 Girls"]
[Site "Ulaanbaatar"]
[Date "2016.04.08"]
[Round "4"]
[White "Tan, Huynh Thanh Truc"]
[Black "Saparova, Sitora"]
[Result "1-0"]
[WhiteElo "1784"]
[BlackElo "1741"]
[PlyCount "81"]
[EventDate "2016.04.06"]
[EventType "swiss"]
[EventRounds "9"]
[EventCountry "MGL"]
[SourceTitle "EXT 2017"]
[Source "ChessBase"]
[SourceDate "2016.10.25"]
[SourceVersion "1"]
[SourceVersionDate "2016.10.25"]
[SourceQuality "1"]

1. e4 e5 2. Nf3 Nc6 3. Bb5 Bc5 4. 0-0 d6 5. c3 a6 6. Bxc6+ bxc6 7. h3 Ne7 8. d4 exd4 9. cxd4 Bb6 10. Be3 0-0 11. Nc3 h6 12. Qd2 f5 13. Rfe1 Ng6 14. exf5 Bxf5 15. Nh2 Qf6 16. Nf1 Nh4 17. Qd1 Qg6 18. Ng3 Rae8 19. Qh5 Qf6 20. Qe2 Bg6 21. Rf1 Bxd4 22. Qc4+ d5 23. Qxd4 Qd8 24. Rae1 Rf7 25. Qd2 Rd7 26. Bd4 Rf8 27. Na4 Bf5 28. Nxf5 Rxf5 29. f4 Rd6 30. Nc5 Rg6 31. Re2 Qd6 32. Qe3 Rh5 33. Qd3 Nf5 34. Rf3 Nh4 35. Rff2 Nf5 36. Rf3 Nh4 37. Rg3 Qxf4 38. Rxg6 Nxg6 39. Qxg6 Qxd4+ 40. Kh2 Re5 41. Ne6 1-0